| 000 | 003250000a22000970004500 | ||
|---|---|---|---|
| 100 | 1 | _aFoulkes, Irene W. de | |
| 245 | 1 | 0 | _aSetenta y cinco aniversario Seminario Bíblico Latinoamericano - Universidad Bíblica Latinoamericana |
| 300 | _aVol. 18, Num 1. (Junio, 1998), Páginas 3-4 | ||
| 773 | 0 | _tVida y pensamiento | |
| 942 | _cANA | ||
| 999 |
_c53083 _d53083 |
||